| 000 | 00354nam a2200145Ia 4500 | ||
|---|---|---|---|
| 008 | 230917s9999||||xx |||||||||||||| ||und|| | ||
| 040 |
_e124843 _aMAIN |
||
| 041 | _aEnglish | ||
| 082 | _a361.6 G552S | ||
| 100 | _aGoel, S L | ||
| 245 | 0 | _aSocial welfare administration V 1 | |
| 260 |
_aNew Delhi _bDeep & Deep _c1988 |
||
| 300 | _a388p. p. | ||
| 942 | _cBK | ||
| 999 |
_c63289 _d63289 |
||